Briefe Friedrich des Großen : (Titelsatznr. 3023)
[ MARC ]
| 000 -Satzkennung | |
|---|---|
| Kontrollfeld mit fester Länge | 00797nac a22002411ca4500 |
| 001 - Kontrollnummer | |
| Kontrollfeld | a987674802 |
| 008 - Feld mit fester Länge zur physischen Beschreibung - Allgemeine Angaben | |
| Kontrollfeld mit fester Länge | 170707s1914 gw |||| 000u ger d |
| 041 ## - Sprachcode | |
| Sprachcode des Textes/der Tonspur oder des separaten Titels | ger |
| 040 ## - Katalogisierungsquelle | |
| Übertragungsstelle | RU-10907106 |
| 003 - Kontrollnummer Identifier | |
| Kontrollfeld | RU-10907106 |
| 100 1# - Haupteintragung - Personenname | |
| Personenname | Friedrich II., Preußen König |
| 245 00 - Titel | |
| Titel | Briefe Friedrich des Großen : |
| Zusatz zum Titel | in deutscher Übersetzung / |
| Verfasserangabe etc. | in dt. Übers. Hrsg. von Max Hein. Dt. von Friedrich v. Oppeln-Bronikowski u. Eberhard König. Mit Ill. von Adolph v. Menzel |
| 264 ## - Produktion, Veröffentlichung, Distribution, Herstellung und Urheberrechtsvermerk | |
| Herstellungs-, Veröffentlichungs- Vertriebs-, Erzeugungsort | Berlin : |
| Produzent, Herausgeber, Distributor, Hersteller | Hobbing, |
| Datum der Herstellung, der Veröffentlichung, des Vertriebs oder des Urheberschutzvermerks | 1914 |
| 300 ## - Physische Beschreibung | |
| Umfang | 2 Bände in deutscher Übersetzung |
| 600 #0 - Nebeneintragung unter einem Schlagwort - Personenname | |
| Personenname | Friedrich II., Preußen, König |
| 651 #0 - Nebeneintragung unter einem Schlagwort - Geografischer Name | |
| Geografischer Name | Preußen |
| 655 #0 - Indexierungsterm - Genre/Form | |
| Genre/Form oder fokussierter Term | Briefsammlung |
| 655 #0 - Indexierungsterm - Genre/Form | |
| Genre/Form oder fokussierter Term | Quelle |
| 700 1# - Nebeneintragung - Personenname | |
| Personenname | Hein, Max |
| Funktionsbezeichnung | HerausgeberIn |
| 700 1# - Nebeneintragung - Personenname | |
| Personenname | Menzel, Adolph von |
| Funktionsbezeichnung | HerausgeberIn |
| 942 ## - Zusätzliche Felder (Koha) | |
| Koha-Medientyp | Monographien |
| Ausgeschieden | Verloren | Beschädigt | Nicht entleihbar | Heimatbibliothek | Aufenthaltsbibliothek | Aufstellungsort | Erwerbungsdatum | Inventarnummer | Signatur | Barcode | Letzte Aktivität | Preis gültig von | Koha-Medientyp |
|---|---|---|---|---|---|---|---|---|---|---|---|---|---|
| MWN Osteuropa | MWN Osteuropa | Lesesaal - 1 | 07/07/2017 | 15-01372 | X- D 34 ad Fri 37 (Bd.) | D 34 ad Fri 37 (Bd.) | 3024 | 23/02/2021 | 22/03/2021 | Monographien |